マリオパーティ100に収録されているミニゲーム - Statistics

General Stats
  • This quiz has been taken 26 times
  • The average score is 25 of 100
Answer Stats
元作品 名称 % Correct
マリオパーティ はたあげヘイホー
63%
マリオパーティ2 のっかれボール
50%
マリオパーティ5 まめのきジャンプ
50%
マリオパーティ クッパひゃくめんそう
38%
マリオパーティ ジュラシックパックン
38%
マリオパーティ4 ぱらぱらブック
38%
マリオパーティ4 ゼロヨングランプリ
38%
マリオパーティ4 エアドッスン
38%
マリオパーティ4 はくねつ!ビーチバレー
38%
マリオパーティ5 アイスキャッチ
38%
マリオパーティ5 ペンギンだいこうしん
38%
マリオパーティ5 ギリギリワンワン
38%
マリオパーティ5 ハッスルバッティング
38%
マリオパーティ5 トリプルジャンプ
38%
マリオパーティ5 クリボーホテル
38%
マリオパーティ ぷかぷかアイランド
25%
マリオパーティ つなひきデンジャラス
25%
マリオパーティ2 スロットルレーシング
25%
マリオパーティ2 ドッカンせんしゃ
25%
マリオパーティ2 ぜんまいヘイホーレース
25%
マリオパーティ2 フラフラレコード
25%
マリオパーティ2 いろいろダッシュ
25%
マリオパーティ2 カウント1・2・3
25%
マリオパーティ2 はちのすブンブンブン
25%
マリオパーティ2 クッパだいばくはつ
25%
マリオパーティ2 トロッコレース
25%
マリオパーティ2 スピードホッケー
25%
マリオパーティ2 ケーキファクトリー
25%
マリオパーティ2 のこぎりギコギコ
25%
マリオパーティ3 ゆきだまゴロゴロ
25%
マリオパーティ3 ぴょんぴょんバトル
25%
マリオパーティ3 みつけろ!巨大キノコ
25%
マリオパーティ3 あめふりパックン
25%
マリオパーティ3 ニアピンぴったり!
25%
マリオパーティ3 たたいてドラム
25%
マリオパーティ3 はやおしゲート
25%
マリオパーティ3 ウェーブウェーブ
25%
マリオパーティ3 もぐもぐビッグピザ
25%
マリオパーティ3 ターザンレース
25%
マリオパーティ4 なぞってクレヨン
25%
マリオパーティ4 フリーフリースロー!
25%
マリオパーティ4 くねくねデンジャラス
25%
マリオパーティ4 カプセルファクトリー
25%
マリオパーティ4 ゴールゴールゴール!
25%
マリオパーティ4 たいほうかくれんぼ
25%
マリオパーティ4 ボムへいキョロキョロ!
25%
マリオパーティ4 ころころこうら
25%
マリオパーティ4 さいごのたたかい!!
25%
マリオパーティ5 スケートレース
25%
マリオパーティ5 おちついてもムリなのだ
25%
マリオパーティ5 ふっとびタワー
25%
マリオパーティ5 ころころペッタン
25%
マリオパーティ5 ゆきやまチェイス
25%
マリオパーティ5 ボムへいどうかせん
25%
マリオパーティ5 たたいてハンマー
25%
マリオパーティ5 はやうちガンマン!
25%
マリオパーティ5 うえからブロック!
25%
マリオパーティ5 げきとう!アイスホッケー
25%
マリオパーティ6 まわってスノーボード
25%
マリオパーティ6 ひろっておてがみ
25%
マリオパーティ6 ウッキーシャッフル
25%
マリオパーティ6 クリボーほかくさくせん
25%
マリオパーティ6 ぐるぐるでガッハッハ!
25%
マリオパーティ6 パニックボックス
25%
マリオパーティ6 うみぞいドライビング
25%
マリオパーティ6 リールをまわせ
25%
マリオパーティ7 おちるな!たにぞこバトル
25%
マリオパーティ7 チョロプーのリベンジ
25%
マリオパーティ7 マイクでフーフーフー
25%
マリオパーティ7 グルグルホッピング
25%
マリオパーティ7 おして!たまころがし
25%
マリオパーティ7 かいてんパズル
25%
マリオパーティ7 タルジャンプきょうそう
25%
マリオパーティ7 つたのぼりきょうそう
25%
マリオパーティ10 ぐるぐるジャンプ
25%
マリオパーティ10 キラキラストーンパズル
25%
マリオパーティ ムカデGO!GO!
25%
マリオパーティ3 GO!GO!もくば
25%
マリオパーティ3 トゲゾークラッシュ
13%
マリオパーティ4 キノピオバーガー
13%
マリオパーティ6 つなげてブロック
13%
マリオパーティ7 れんだでサンボ
13%
マリオパーティ7 ハードルジャンプ!
13%
マリオパーティ7 マイクでまとあて
13%
マリオパーティ8 まわしてハタあげ
13%
マリオパーティ8 みがいてワンワン
13%
マリオパーティ8 ねらえ!てんすうカード
13%
マリオパーティ9 ふわふわ風船あつめ
13%
マリオパーティ9 あっちむくなホイ!
13%
マリオパーティ9 ボタンでクライミング
13%
マリオパーティ9 ぐらぐらファイト
13%
マリオパーティ9 かっ飛びキラージェット
13%
マリオパーティ9 連続ジグソーパズル
13%
マリオパーティ9 プクプクを釣り上げろ!
13%
マリオパーティ9 クリボーボーリング
13%
マリオパーティ9 トライをきめろ!
13%
マリオパーティ10 ハイ、ポーズ!
13%
マリオパーティ10 エンジョイバドンミントン
13%
マリオパーティ9 まきわりNo.1
13%
マリオパーティ7 3まいえらんで
0%
No matching quizzes found
Score Distribution
Percent of People with Each Score
Percentile by Number Answered
Your Score History
You have not taken this quiz